000 00631nam a2200265Ia 4500
008 170711s9999 xx 000 0 und d
020 _a9780590458467
050 _a793.73
050 _bM393ch 1992
100 _aMarzollo, Jean
245 _aChristmas :
245 _ba book of picture riddles /
245 _cWalter Wick and Jean Marzollo.
260 _aNew York :
260 _bScholastic,
260 _c1992
300 _a33 pages :
300 _bcolored illustrations ;
300 _c31cm.
440 _aI spy.
650 _aPuzzle.
650 _aRiddle.
700 _aTitle.
700 _aWick, Walter.
999 _c339981
_d339981